Statistiques concernant Joueurs PSG 2020/2024

Cliquez ici pour prendre le quiz!

Statistiques générales

  • Ce quiz a été pris 275 fois
  • Le résultat moyen est 44 sur 69

Statistiques - réponses

HintRéponse% Correct
Gardien (ita)G. Donnarumma
96%
Gardien (c.r.)K. Navas
93%
Milieu (fra)Ethan Mbappé
92%
Attaquant (fra)Kylian Mbappé
92%
Défenseur (bra)Marquinhos
92%
Attaquant (bra)Neymar
90%
Attaquant (por)Gonçalo Ramos
87%
Attaquant (arg)L. Messi
87%
Défenseur (fra)P. Kimpembe
86%
Défenseur (esp)Sergio Ramos
86%
Défenseur (bra)Thiago Silva
85%
Défenseur (pro)A. Hakimi
84%
Attaquant (uru)E. Cavani
84%
Milieu (ita)M. Verratti
83%
Attaquant (fra)R. Kolo Muani
83%
Défenseur (slo)M. Skriniar
81%
Défenseur (por)Nuno Mendes
81%
Gardien (fra)A. Areola
80%
Milieu (por)Vitinha
80%
Milieu (por)Danilo Pereira
79%
Attaquant (arg)A. Di maria
78%
Milieu (uru)M. Ugarte
78%
Attaquant (fra)Ousmane Dembélé
78%
Milieu (esp)C. Soler
77%
Milieu (esp)F. Ruiz
77%
Défenseur (bel)T. Meunier
77%
Milieu (fra)W. Zaïre-Emery
77%
Gardien (all)K. Trapp
76%
Gardien (esp)S. Rico
76%
Défenseur (fra)L. Hernandez
75%
Milieu (sen)I. Gueye
74%
Milieu (cor)Lee Kang-In
72%
Gardien (esp)Arnau Tenas
69%
Milieu (all)J. Draxler
69%
Gardien (fra)A. Letellier
68%
Défenseur (esp)J. Bernat
67%
Attaquant (arg)M. Icardi
67%
Défenseur (all)T. Kehrer
67%
Attaquant (fra)B. Barcola
66%
Milieu (arg)L. Paredes
66%
Attaquant (esp)M. Asensio
66%
Défenseur (fra)L. Kurzawa
63%
Défenseur (sen)A. Diallo
62%
Attaquant (cam)E. Choupo-Moting
62%
Défenseur (fra)N. Mukiele
62%
Défenseur (bra)L. Beraldo
61%
Défenseur (ita)A. Florenzi
59%
Défenseur (ned)M. Bakker
59%
Milieu (ned)X. Simons
59%
Attaquant (ita)M. Kean
58%
Milieu (ned)G. Wijnaldum
53%
Attaquant (fra)H. Ekitike
51%
Gardien (pol)M. Bulka
48%
Milieu (esp)P. Sarabia
48%
Défenseur (fra)C. Dagba
46%
Milieu (esp)A. Herrera
43%
Milieu (bra)Rafinha
35%
Défenseur (fra)T. Pembélé
35%
Milieu (fra)I. Gharbi
34%
Milieu (por)R. Sanchez
30%
Défenseur (fra)E. Bitschiabu
29%
Attaquant (esp)Jesé
29%
Milieu (fra)E. Michut
28%
Attaquant (fra)A. Kalimuendo
23%
Milieu (fra)A. Aouchiche
12%
Milieu (mar)K. Ruiz-Atil
11%
Milieu (fra)J. Dina Ebimbe
10%
Milieu (fra)T. Nianzou
10%
Milieu (fra)B. Fadiga
6%

Distribution des résultats

Percentile par nombre de réponses

% des personnes avec chaque résultat

Votre développement - résultats

Vous n’avez pas pris ce quiz